000 00785nas a2200241 4500
001 BR0702871
003 BR-BrBNA
005 20231205110826.0
007 ta
008 230509b bl.|||p| |||| 00| 00por d
040 _aBR-BrBNA
_bpor
_cBiblioteca Nacional de Agricultura
041 _a(Pt)
072 _aS01; E70
100 1 _aReis, J.M.L. dos
245 1 _aA segurança alimentar, a disponibilidade e a perda de grãos no país
650 _aSEGURANÇA ALIMENTAR
650 _aABASTECIMENTO
650 _aESTOQUE
773 0 _tRevista de Política Agrícola (Brazil)
_xISSN 1413-4969
_g(Oct-Dec 1994), v. 3(4) p. 5-7
_wBR0702871
856 4 _uRev_Pol_Agr_v3_n4-1994.pdf#page=6
_yRecurso eletrônico (PDF)
909 _a202311
_bLúcia
_c55
_dLúcia Elande
942 _2AGRIS
_n0
_cANA
999 _c189275
_d189275